O Estado independente do Acre e J. Plácido de Castro : (Record no. 1297)
[ view plain ]
| 000 -LÍDER | |
|---|---|
| Campo Fixo de Controle | 00708nam a2200229 a 4500 |
| 001 - NÚMERO DE CONTROLE | |
| Campo de Controle | 1297 |
| 003 - IDENTIFICAÇÃO DO NÚMERO DE CONTROLE | |
| Campo de Controle | BR-CuiBMT |
| 005 - DATA E HORA DA ÚLTIMA ATUALIZAÇÃO | |
| Campo de Controle | 20231207233330.0 |
| 008 - DADOS FIXOS | |
| Dados Fixos | 231204s2005 dtba 000 0 por d |
| 040 ## - AGÊNCIA CATALOGADORA | |
| Código da Agência Catalogadora | BR-CuiBMT |
| Agência que transcreveu o registro | BR-CuiBMT |
| 080 ## - Nº DA CLASSIFICAÇÃO DECIMAL UNIVERSAL | |
| Nº edição CDU | 2007 |
| Nº Class. CDU | 94 |
| Subd. Auxiliar Comum | (811.2) |
| 090 ## - NÚMERO DE CHAMADA | |
| Nº classificação | 94(811.2) |
| Cutter | C355o |
| 100 1# - ENTRADA PRINCIPAL -- AUTOR PESSOAL | |
| Nome pessoal | Castro, Genesco de |
| 245 10 - TÍTULO PRINCIPAL | |
| Título principal | O Estado independente do Acre e J. Plácido de Castro : |
| Subtítulo | excertos históricos / |
| Indicação de responsabilidade | Genesco de Castro. |
| 260 ## - PUBLICAÇÃO, DISTRIBUIÇÃO, ETC. | |
| Local de publicação | Brasília : |
| Editora | Senado Federal, |
| Data | 2005. |
| 300 ## - DESCRIÇÃO FÍSICA | |
| N. páginas ou volumes | 332 p. ; |
| Dimensões | 23 cm |
| 490 1# - INDICAÇÃO DE SÉRIE | |
| Título da série | Edições do Senado Federal ; |
| Volume/designação sequencial da série | v. 56 |
| 650 ## - ASSUNTO TÓPICO | |
| Cabeçalho tópico ou nome geográfico | História |
| Subdivisão geográfica | Acre |
| 650 ## - ASSUNTO TÓPICO | |
| Cabeçalho tópico ou nome geográfico | História |
| Subdivisão cronológica | Brasil |
| 830 #0 - ENTRADA SECUNDÁRIA DE SÉRIE -- TÍTULO UNIFORME | |
| Título uniforme | Edições do Senado Federal ; |
| Nº do volume/designação sequencial da série | 56 |
| 942 ## - ELEMENTOS DE ENTRADA ADICIONAIS (KOHA) | |
| Fonte de classificação ou esquema de arquivamento | Classificação Decimal Universal |
| Tipo de item do Koha | Livros |
| Estado: removido | Estado: perdido | Fonte de classificação ou esquema de arquivamento | Estado: danificado | Indisponível para empréstimo | Localização permanente | Localização atual | Data de aquisição | Total Checkouts | Número de Chamada completo | Código de barras | Date last seen | Número do exemplar | Preço efetivo a partir de | Tipo de item (Koha) |
|---|---|---|---|---|---|---|---|---|---|---|---|---|---|---|
| Classificação Decimal Universal | Biblioteca da Escola Superior de Contas do TCE/MT | Biblioteca da Escola Superior de Contas do TCE/MT | 04/12/2023 | 94(811.2) C355o | BIBTCEMT23120122 | 04/12/2023 | Ex. 1 | 04/12/2023 | Livros |